Effektivnoje ispol'zovanije vyčislitel'noj techniki

Guardado en:
Detalles Bibliográficos
Autor principal: Vanags, Edvin Janovič
Otros Autores: Gobedžišvili, Zacharij Rubenovič, Gutcajt, Jevgenij Michaljevič
Formato: Libro
Lenguaje:ruso
Publicado: Moskva Finansy i statistika 1982
Etiquetas: Agregar Etiqueta
Sin Etiquetas, Sea el primero en etiquetar este registro!

MARC

LEADER 00000nam a2200000 4500
001 c132451
005 20041019155255.2
041 0 |a rus 
044 |a RU 
245 1 0 |a Effektivnoje ispol'zovanije vyčislitel'noj techniki  |c Edvin Janovič Vanags, Zacharij Rubenovič Gobedžišvili, Jevgenij Michaljevič Gutcajt 
264 1 |a Moskva  |b Finansy i statistika  |c 1982 
300 |a 141 s. 
100 1 |a Vanags, Edvin Janovič 
700 1 |a Gobedžišvili, Zacharij Rubenovič 
700 1 |a Gutcajt, Jevgenij Michaljevič